300 Famous Cities in Africa on a Map - Statistics

General Stats
  • This quiz has been taken 1,107 times
  • The average score is 97 of 304
Answers on the Map
Answers color-coded by a green-red scale on the quiz's map according to % correct below.
 
Answer Stats
Country or Territory Mention Rate Population Answers % Correct
Egypt 75.62% 9293612 Cairo
94%
Algeria 58.5% 2364230 Algiers
93%
Egypt 55.69% 5107530 Alexandria
92%
South Africa 64.22% 3430992 Cape Town
92%
Tunisia 57.89% 638845 Tunis
92%
Morocco 47.82% 3359818 Casablanca
91%
South Africa 57.07% 7860781 Johannesburg
91%
Morocco 44.15% 577827 Rabat
90%
Libya 51.88% 591062 Tripoli
90%
Democratic Republic of the Congo 51.05% 7273947 Kinshasa
89%
Nigeria 60.61% 13903620 Lagos
89%
Kenya 53.64% 4397073 Nairobi
89%
Ethiopia 51.98% 3273000 Addis Ababa
87%
Somalia 43.84% 4901000 Mogadishu
87%
Senegal 46.23% 2646503 Dakar
86%
Tanzania 34.55% 4364541 Dar es Salaam
86%
Sudan 40.55% 1410858 Khartoum
86%
Angola 41.81% 6759313 Luanda
86%
Ghana 37.82% 2070463 Accra
85%
Republic of the Congo 40.38% 1373382 Brazzaville
85%
South Africa 48.49% 1763336 Pretoria
85%
Nigeria 36.83% 1235880 Abuja
84%
Namibia 34.25% 325858 Windhoek
84%
Madagascar 38.02% 1275207 Antananarivo
83%
Ethiopia 2.15% 129000 Harar
82%
Mali 30.24% 1810366 Bamako
81%
Djibouti 37.24% 475322 Djibouti
81%
Sierra Leone 37.06% 1055964 Freetown
81%
South Africa 28.22% 2786046 Durban
80%
South Sudan 30.39% 230195 Juba
80%
Uganda 33.01% 1680600 Kampala
80%
Rwanda 27.28% 859332 Kigali
80%
Morocco 32.91% 928850 Marrakesh
80%
Seychelles 23.88% 26450 Victoria
80%
Morocco 28.24% 1112072 Fes
79%
Liberia 32.52% 1021762 Monrovia
79%
São Tomé and Príncipe 23.41% 66888 Sao Tome
79%
Zambia 29.1% 1747152 Lusaka
78%
Chad 29.66% 951418 N'Djamena
78%
Niger 28.6% 978029 Niamey
78%
Cameroon 28.62% 1817524 Yaounde
78%
Guinea-Bissau 27.72% 387909 Bissau
77%
South Africa 25.45% 464591 Bloemfontein
77%
Mozambique 31.57% 1080277 Maputo
77%
Ivory Coast 26.34% 4395243 Abidjan
76%
Central African Republic 25.61% 734350 Bangui
76%
Guinea 26.61% 1660973 Conakry
76%
Gabon 31.1% 703940 Libreville
76%
Togo 28.02% 2173800 Lome
76%
Burkina Faso 27.68% 1475223 Ouagadougou
76%
Tanzania 23.29% 213636 Dodoma
75%
Egypt 18.21% 250704 Luxor
75%
Kenya 25.04% 1208333 Mombasa
75%
Mauritania 25.62% 958399 Nouakchott
75%
Eritrea 25.01% 380568 Asmara
74%
Botswana 26.3% 231592 Gaborone
74%
Malawi 23.09% 989318 Lilongwe
74%
The Gambia 22.59% 31054 Banjul
73%
Nigeria 19.6% 3931300 Kano
73%
Cape Verde 19.36% 127832 Praia
73%
Mauritius 19.62% 146737 Port-Louis
72%
Benin 23.75% 264320 Porto-Novo
70%
Zimbabwe 32.94% 1485231 Harare
69%
Ivory Coast 21.1% 212670 Yamoussoukro
69%
South Africa 21.19% 876436 Port Elizabeth
68%
Mali 21.96% 54629 Timbuktu
68%
Libya 24.66% 446250 Benghazi
67%
Comoros 16.96% 74749 Moroni
67%
Morocco 22.94% 947952 Tangier
67%
Equatorial Guinea 19.72% 132440 Malabo
65%
Lesotho 20.5% 330760 Maseru
65%
Egypt 28.31% 4212750 Giza
64%
Eswatini 20.56% 57992 Mbabane
64%
Algeria 19.7% 803329 Oran
64%
Cameroon 15.02% 1906962 Douala
63%
Burundi 15.2% 41944 Gitega
62%
Nigeria 15.33% 762719 Benin City
60%
Egypt 22.1% 740874 Suez
60%
Benin 8.4% 679012 Cotonou
59%
Nigeria 14.69% 3034200 Ibadan
59%
Egypt 15.1% 760152 Port Said
58%
Burundi 15.53% 497166 Bujumbura
57%
Nigeria 9.69% 703421 Port Harcourt
56%
Sudan 13.08% 394561 Port Sudan
55%
Tanzania 20.65% 501459 Zanzibar
54%
Egypt 13.4% 337472 Aswan
53%
Democratic Republic of the Congo 10.37% 1283380 Lubumbashi
52%
Morocco 8.0% 421844 Agadir
50%
Ghana 13.33% 2035064 Kumasi
48%
Tunisia 13.39% 272801 Sfax
47%
Sierra Leone 3.49% 174369 Bo
40%
Tunisia 5.53% 221530 Sousse
40%
Angola 7.5% 550000 Cabinda
39%
Algeria 11.32% 448028 Constantine
39%
Somalia 9.52% 1200000 Hargeisa
38%
Democratic Republic of the Congo 6.23% 1213726 Mbuji-Mayi
38%
South Africa 9.29% 295644 East London
37%
Republic of the Congo 7.05% 715334 Pointe-Noire
37%
Malawi 4.94% 800264 Blantyre
35%
Sudan 8.19% 1849659 Omdurman
34%
Democratic Republic of the Congo 5.28% 682599 Kisangani
33%
Réunion 10.43% 147931 Saint-Denis
33%
Namibia 4.69% 62096 Walvis Bay
33%
Nigeria 4.58% 500183 Aba
32%
Angola 3.71% 555124 Benguela
29%
Zimbabwe 6.48% 653337 Bulawayo
29%
Democratic Republic of the Congo 15.26% 249862 Goma
28%
Nigeria 4.17% 993642 Kaduna
27%
Western Sahara 10.11% 217732 Laayoune
27%
Tanzania 4.67% 416442 Arusha
26%
Morocco 4.9% 520428 Meknes
25%
Senegal 11.22% 209752 Saint-Louis
25%
Nigeria 3.94% 510300 Jos
24%
Democratic Republic of the Congo 3.94% 720362 Kananga
24%
Nigeria 3.52% 618278 Maiduguri
24%
Equatorial Guinea 4.77% 132235 Bata
23%
Mali 6.81% 86353 Gao
23%
Tanzania 3.93% 706453 Mwanza
23%
South Africa 3.57% 475238 Pietermaritzburg
23%
Nigeria 3.04% 407756 Enugu
22%
Botswana 3.44% 98961 Francistown
22%
South Africa 6.58% 157397 George
22%
Nigeria 1.87% 350280 Onitsha
22%
Egypt 5.31% 38478 Sharm El Sheikh
22%
Senegal 3.51% 753315 Touba
22%
Mozambique 5.29% 592090 Beira
21%
Egypt 4.09% 195675 Hurghada
21%
Nigeria 2.42% 532089 Ilorin
21%
Zambia 3.81% 134349 Livingstone
21%
Morocco 6.09% 890403 Sale
21%
Niger 3.71% 110497 Agadez
20%
Burkina Faso 3.17% 489967 Bobo-Dioulasso
20%
Ethiopia 3.63% 277000 Dire Dawa
20%
Angola 3.53% 595304 Huambo
20%
Nigeria 3.14% 329639 Sokoto
20%
Uganda 3.08% 102600 Entebbe
19%
South Africa 4.28% 225155 Kimberley
19%
Angola 2.72% 600751 Lubango
19%
Sudan 2.45% 492984 Nyala
19%
Sudan 6.9% 1012211 Khartoum North
18%
Morocco 3.23% 380787 Tetouan
18%
Nigeria 3.02% 612257 Zaria
18%
Algeria 3.43% 342703 Annaba
17%
Democratic Republic of the Congo 2.44% 471789 Bukavu
17%
Egypt 2.91% 289833 Damietta
17%
Ethiopia 4.22% 323900 Gonder
17%
St. Helena 4.95% 630 Jamestown
17%
Morocco 3.19% 494252 Oujda
17%
Nigeria 3.02% 369894 Oyo
17%
Algeria 2.6% 81752 Tamanrasset
17%
Libya 7.76% 62500 Tobruk
17%
Mayotte 2.99% 6131 Mamoudzou
16%
Libya 3.59% 121669 Misrata
16%
Mozambique 3.39% 663212 Nampula
16%
Mauritania 2.73% 118167 Nouadhibou
16%
Nigeria 2.57% 363382 Warri
16%
South Sudan 3.19% 118331 Wau
16%
Egypt 3.71% 480516 Asyut
15%
Somalia 2.48% 374000 Berbera
15%
Zambia 2.65% 501360 Kitwe
15%
Egypt 7.33% 302926 New Cairo
15%
Senegal 2.74% 317763 Thies
15%
Ivory Coast 2.33% 536719 Bouake
14%
Kenya 1.86% 475716 Eldoret
14%
Morocco 1.88% 77966 Essaouira
14%
Kenya 3.27% 397957 Kisumu
14%
South Africa 2.23% 227407 Polokwane
14%
Gabon 2.8% 136462 Port-Gentil
14%
The Gambia 1.18% 19944 Serekunda
14%
Namibia 2.38% 44725 Swakopmund
14%
Ghana 3.55% 371351 Tamale
14%
Niger 2.78% 235605 Zinder
14%
Central African Republic 1.17% 124176 Bimbo
13%
Mozambique 3.3% 1032197 Matola
13%
Kenya 2.72% 570674 Nakuru
13%
South Africa 7.33% 291484 Newcastle
13%
Libya 4.74% 35278 Sirte
13%
South Africa 1.55% 80316 Stellenbosch
13%
Egypt 3.02% 528672 Tanta
13%
Nigeria 1.49% 58369 Uyo
13%
Zimbabwe 2.64% 33660 Victoria Falls
13%
Tunisia 3.07% 136917 Bizerte
12%
Western Sahara 2.37% 106277 Dakhla
12%
Egypt 1.79% 489377 Faiyum
12%
Gabon 1.94% 110568 Franceville
12%
Egypt 2.68% 570271 Mansoura
12%
Morocco 2.45% 308508 Safi
12%
Algeria 3.83% 173531 Tlemcen
12%
Madagascar 1.98% 326286 Toamasina
12%
South Africa 1.93% 211014 Welkom
12%
Tunisia 3.32% 130984 Gabes
11%
Cameroon 1.71% 235996 Garoua
11%
Egypt 1.98% 397446 Ismailia
11%
Tunisia 2.01% 139070 Kairouan
11%
Togo 1.81% 115400 Kara
11%
Angola 1.91% 357950 Lobito
11%
Ethiopia 2.68% 323700 Mekelle
11%
Zambia 1.85% 451246 Ndola
11%
Mozambique 2.0% 200529 Pemba
11%
South Africa 1.08% 311901 Rustenburg
11%
Ghana 1.13% 311206 Sekondi-Takoradi
11%
Tanzania 1.74% 221127 Tanga
11%
Mozambique 1.54% 132884 Xai-Xai
11%
Egypt 4.52% 355616 6th of October
10%
Ethiopia 1.84% 243300 Bahir Dar
10%
Ghana 1.68% 169894 Cape Coast
10%
Somalia 1.39% 90000 Kismayo
10%
Namibia 1.83% 12537 Luderitz
10%
Tanzania 1.92% 385279 Mbeya
10%
South Africa 1.31% 58670 Mbombela
10%
South Africa 1.39% 197735 Paarl
10%
Egypt 1.81% 241422 Qena
10%
Libya 1.38% 70905 Sabha
10%
Algeria 2.72% 252127 Setif
10%
Mali 1.28% 226618 Sikasso
10%
South Africa 1.19% 377922 Vereeniging
10%
Senegal 1.81% 205294 Ziguinchor
10%
Ethiopia 7.92% 324000 Adama
9%
Ethiopia 2.39% 66800 Aksum
9%
Sudan 1.32% 217827 Al-Fashir
9%
Cameroon 1.24% 269530 Bamenda
9%
Algeria 2.18% 289504 Batna
9%
Algeria 1.52% 176139 Bejaia
9%
Democratic Republic of the Congo 2.74% 171552 Boma
9%
Nigeria 1.93% 310839 Calabar
9%
Nigeria 2.12% 186856 Ife
9%
Guinea 1.75% 190722 Kankan
9%
Nigeria 1.35% 259315 Katsina
9%
Morocco 1.33% 431282 Kenitra
9%
Kenya 1.84% 119859 Malindi
9%
Cameroon 1.3% 201371 Maroua
9%
Malawi 1.26% 221272 Mzuzu
9%
Guinea 1.26% 195027 Nzerekore
9%
Ivory Coast 3.93% 164944 San-Pedro
9%
Egypt 2.23% 21711 Siwa
9%
Togo 0.93% 109200 Sokode
9%
Mozambique 1.97% 307338 Tete
9%
Algeria 2.51% 45610 Tindouf
9%
Chad 1.06% 97963 Abeche
8%
Madagascar 1.31% 245592 Antsirabe
8%
Algeria 1.74% 204661 Biskra
8%
Somalia 1.74% 190000 Bosaso
8%
Algeria 1.26% 265833 Djelfa
8%
Sudan 1.7% 298529 Kassala
8%
Mali 1.45% 126319 Kayes
8%
Eritrea 1.7% 55586 Keren
8%
Democratic Republic of the Congo 1.56% 456446 Kolwezi
8%
Democratic Republic of the Congo 1.68% 367219 Likasi
8%
Egypt 1.65% 153062 Mersa Matruh
8%
Mali 1.59% 120786 Mopti
8%
Tanzania 1.29% 305840 Morogoro
8%
Morocco 1.98% 161726 Nador
8%
Morocco 1.38% 71067 Ouarzazate
8%
Nigeria 2.32% 157181 Owo
8%
Benin 1.43% 255478 Parakou
8%
Mozambique 1.81% 246915 Quelimane
8%
Egypt 1.46% 110048 Rosetta
8%
Malawi 1.25% 105013 Zomba
8%
Egypt 1.73% 226953 10th of Ramadan
7%
Cameroon 1.24% 239287 Bafoussam
7%
Algeria 1.36% 165241 Bechar
7%
Egypt 1.87% 246395 Beni Suef
7%
Libya 1.19% 60980 Derna
7%
Mali 1.55% 26267 Djenne
7%
Somalia 1.02% 750000 Galkayo
7%
Nigeria 1.29% 163604 Gombe
7%
Uganda 1.66% 177400 Gulu
7%
Ethiopia 1.09% 300100 Hawassa
7%
Democratic Republic of the Congo 1.71% 294210 Kikwit
7%
Madagascar 1.41% 244722 Mahajanga
7%
Angola 1.3% 455000 Malanje
7%
Niger 1.43% 267249 Maradi
7%
Democratic Republic of the Congo 1.67% 245862 Matadi
7%
Somalia 1.2% 499000 Merca
7%
Algeria 1.3% 169928 Ouargla
7%
Mali 1.29% 133501 Segou
7%
Egypt 1.83% 248174 Sohag
7%
Democratic Republic of the Congo 1.19% 366503 Tshikapa
7%
South Africa 1.67% 67581 Upington
7%
Mauritania 1.2% 50206 Kiffa
6%
Tanzania 1.16% 215458 Kigoma
6%
Ivory Coast 1.36% 243048 Korhogo
6%
South Sudan 1.24% 114528 Malakal
6%
Eritrea 0.41% 27179 Massawa
6%
Democratic Republic of the Congo 1.35% 262814 Mbandaka
6%
South Africa 2.59% 163809 Middelburg
6%
Chad 1.14% 137251 Moundou
6%
Mozambique 1.27% 206449 Nacala
6%
Chad 1.35% 97224 Sarh
6%
Egypt 2.88% 1187747 Shubra El Kheima
6%
Senegal 1.01% 107293 Tambacounda
6%
Madagascar 1.38% 169760 Toliara
6%
Libya 1.05% 17320 Al-Jawf
5%
Mauritania 1.16% 25190 Atar
5%
Somalia 1.19% 350000 Burao
5%
Mozambique 1.17% 363336 Chimoio
5%
Ivory Coast 1.08% 245360 Daloa
5%
Tunisia 1.1% 95242 Gafsa
5%
Sierra Leone 1.2% 200443 Kenema
5%
Egypt 1.45% 254523 Minya
5%
Somalia 1.3% 792182 Baidoa
4%
Somalia 0.54% 60000 Garoowe
4%
Chad 1.31% 49461 Pala
4%
Western Sahara 0.0% 3000 Tifariti
3%
No matching quizzes found
Score Distribution
Percent of People with Each Score
Percentile by Number Answered
Your Score History
You have not taken this quiz